<?xml version="1.0" encoding="UTF-8"?><?xml-stylesheet type="text/xsl" href="static/style.xsl"?><OAI-PMH xmlns="http://www.openarchives.org/OAI/2.0/" xmlns:xsi="http://www.w3.org/2001/XMLSchema-instance" xsi:schemaLocation="http://www.openarchives.org/OAI/2.0/ http://www.openarchives.org/OAI/2.0/OAI-PMH.xsd"><responseDate>2026-06-30T03:57:02Z</responseDate><request verb="GetRecord" identifier="oai:repisalud.isciii.es:20.500.12105/20544" metadataPrefix="marc">https://repisalud.isciii.es/rest/oai/request</request><GetRecord><record><header><identifier>oai:repisalud.isciii.es:20.500.12105/20544</identifier><datestamp>2024-09-28T01:07:45Z</datestamp><setSpec>com_20.500.12105_2052</setSpec><setSpec>com_20.500.12105_2051</setSpec><setSpec>col_20.500.12105_19613</setSpec></header><metadata><record xmlns="http://www.loc.gov/MARC21/slim" xmlns:dcterms="http://purl.org/dc/terms/" xmlns:doc="http://www.lyncode.com/xoai" xmlns:xsi="http://www.w3.org/2001/XMLSchema-instance" xsi:schemaLocation="http://www.loc.gov/MARC21/slim http://www.loc.gov/standards/marcxml/schema/MARC21slim.xsd">
   <leader>00925njm 22002777a 4500</leader>
   <datafield ind2=" " ind1=" " tag="042">
      <subfield code="a">dc</subfield>
   </datafield>
   <datafield ind2=" " ind1=" " tag="720">
      <subfield code="a">Durán-Martín, Eva</subfield>
      <subfield code="e">author</subfield>
   </datafield>
   <datafield ind2=" " ind1=" " tag="720">
      <subfield code="a">Sanz-Barbero, Belén</subfield>
      <subfield code="e">author</subfield>
   </datafield>
   <datafield ind2=" " ind1=" " tag="720">
      <subfield code="a">Muñoz-Haba, Aitana</subfield>
      <subfield code="e">author</subfield>
   </datafield>
   <datafield ind2=" " ind1=" " tag="720">
      <subfield code="a">March, Sebastià</subfield>
      <subfield code="e">author</subfield>
   </datafield>
   <datafield ind2=" " ind1=" " tag="720">
      <subfield code="a">Vives-Cases, Carmen</subfield>
      <subfield code="e">author</subfield>
   </datafield>
   <datafield ind2=" " ind1=" " tag="260">
      <subfield code="c">2024-06-21</subfield>
   </datafield>
   <datafield ind2=" " ind1=" " tag="520">
      <subfield code="a">Background: Sexual violence (SV) is a public health problem with high prevalence among the young population. The use of formal resources for SV care (e.g. institutional services) is low in this age group. This study applies a framework of health assets to identify the factors that positively influence the search for support for SV among young people, the functions of that support and the level of proximity as articulated by both young people and professionals. Methods: A qualitative study was conducted through 38 semi-structured interviews with young people and professionals from SV resource centers and/or care services for the young population in Spain. A thematic theoretical analysis was conducted, embedded in inductive insights emerging from the data, following a particular adaptation of the constant comparative method, under the grounded theory approach. This analysis was carried out by coding the interview transcripts with the support of Atlas.ti. Results: Young women identified assets, categorized as feminist, that they believe they are essential in the search for formal support services for SV. However, unlike young men, they considered the police and judicial system to be barriers and not assets. There were also differences between the young people and professionals in identifying assets. Young people also considered their partner and traditional media as health assets, in contrast to professionals who did not identify these as such valuable resources in the help-seeking process. Informal assets, such as family, friends and the internet are considered close resources. In contrast, specialized care services for gender-based violence/SV and the judicial and police systems were perceived as more distant resources among the young interviewees. Conclusions: This study shows similarities and discrepancies among young women and men and SV response professionals in identifying assets for seeking SV support among youth. The study shows an inverse relationship between perceptions of proximity and the level of formality of the asset. This study also contributes to map the relationships and information exchanges between assets. It is advisable to inform professionals about the assets that professionals do not acknowledge, and about actions that allow young people to access formal resources.</subfield>
   </datafield>
   <datafield ind1="8" ind2=" " tag="024">
      <subfield code="a">Arch Public Health. 2024 Jun 21;82(1):93.</subfield>
   </datafield>
   <datafield ind1="8" ind2=" " tag="024">
      <subfield code="a">10.1186/s13690-024-01319-z</subfield>
   </datafield>
   <datafield ind1="8" ind2=" " tag="024">
      <subfield code="a">0778-7367</subfield>
   </datafield>
   <datafield ind1="8" ind2=" " tag="024">
      <subfield code="a">Archives of public health = Archives belges de sante publique</subfield>
   </datafield>
   <datafield ind1="8" ind2=" " tag="024">
      <subfield code="a">38907306</subfield>
   </datafield>
   <datafield ind1="8" ind2=" " tag="024">
      <subfield code="a">http://hdl.handle.net/20.500.12105/20544</subfield>
   </datafield>
   <datafield tag="653" ind2=" " ind1=" ">
      <subfield code="a">Sexual violence</subfield>
   </datafield>
   <datafield tag="653" ind2=" " ind1=" ">
      <subfield code="a">Young adult</subfield>
   </datafield>
   <datafield tag="653" ind2=" " ind1=" ">
      <subfield code="a">Health assets</subfield>
   </datafield>
   <datafield tag="653" ind2=" " ind1=" ">
      <subfield code="a">Social and health resources</subfield>
   </datafield>
   <datafield ind2="0" ind1="0" tag="245">
      <subfield code="a">“Thanks to my activists Friends”: a qualitative study of perspectives of young adults and professionals on the factors related to seeking support among victims of sexual violence in Spain</subfield>
   </datafield>
</record></metadata></record></GetRecord></OAI-PMH>